Normal view
MARC view
- Ferdinand P. Beer, E. Russell Johnston, Jr
Entry Personal Name
001 - CONTROL NUMBER
- control field: 124583
003 - CONTROL NUMBER IDENTIFIER
- control field: NUST
005 - DATE AND TIME OF LATEST TRANSACTION
- control field: 20240718142421.0
008 - FIXED-LENGTH DATA ELEMENTS
- fixed length control field: 240718|| aca||aabn | a|a d
040 ## - CATALOGING SOURCE
- Original cataloging agency: NUST
- Transcribing agency: NUST
100 ## - HEADING--PERSONAL NAME
- Personal name: Ferdinand P. Beer, E. Russell Johnston, Jr
670 ## - SOURCE DATA FOUND
- Source citation: Work cat.: (NUST): Ferdinand P. Beer, E. Russell Johnston, Jr., Vector Mechanics for Engineers
